Normal view MARC view
  • Majó Masferrer, Francesca

Entry Nombre Personal

Number of records used in: 1

001 - NUMERO DE CONTROL

  • campo de control: 50920

003 - IDENTIFICADOR DE NUMERO DE CONTROL

  • campo de control: MX-MxUPN

005 - FECHA Y HORA DE LA ÜLTIMA TRANSACCIÓN

  • campo de control: 20240202115027.0

008 - DATOS DE LONGITUD FIJA

  • campo de control de longitud fija: 240202nn acnnnaabn a aaa d

040 ## - FUENTE DE CATALOGACIÓN

  • Agencia original de catalogación: MX-MxUPN
  • Lenguaje de catalogación: spa

100 1# - ENCABEZAMIENTO - NOMBRE PERSONAL

  • Nombre personal: Majó Masferrer, Francesca

400 1# - VEÁSE - NOMBRE DE PERSONA

  • Personal name: Masferrer, Francesca Majó

670 ## - FUENTE EN LA QUE SE LOCALIZARON DATOS

  • Cita de la fuente: Los proyectos interdisciplinarios, 2014 :
  • Información localizada: portada (Francesca Majó Ferrer)

902 ## - CATALOGADOR

  • Catalogador: VíctorGodínez/020224